Hacia una nueva cultura laboral: efectos y proyecciones de la ratificación por Chile de los convenios 87 y 98 de la OIT
Guardat en:
| Autor principal: | |
|---|---|
| Format: | Llibre |
| Idioma: | espanyol |
| Publicat: |
Santiago
Fundación Científica y Tecnológica
1999
|
| Matèries: | |
| Etiquetes: |
Afegir etiqueta
Sense etiquetes, Sigues el primer a etiquetar aquest registre!
|
MARC
| LEADER | 00000nam a2200000 a 4500 | ||
|---|---|---|---|
| 001 | UCN2798 | ||
| 003 | CL-VaPUC | ||
| 008 | 010608e19990000CL |||||||||||||||||spa|d | ||
| 082 | 0 | 4 | |a 344.01 |b THA |2 21 |
| 100 | 0 | |a Thayer Arteaga, William |e author |9 458959 | |
| 245 | 1 | 0 | |a Hacia una nueva cultura laboral: efectos y proyecciones de la ratificación por Chile de los convenios 87 y 98 de la OIT |
| 300 | |a 120 p | ||
| 942 | |c BK | ||
| 945 | |d 20010608 00:00:00 |a vberengu | ||
| 260 | |a Santiago |b Fundación Científica y Tecnológica |c 1999 | ||
| 650 | 7 | |a RELACION DE TRABAJO |2 CL-VaPUC |9 458960 | |
| 650 | 0 | |a Legislación laboral |9 320826 | |
| 650 | 7 | |a HUELGA |2 CL-VaPUC |9 17 | |
| 650 | 0 | |a Negociación colectiva |9 312433 | |
| 650 | 0 | |a Relaciones laborales |9 335971 | |
| 651 | 7 | |a CHILE |2 CL-VaPUC |9 458961 | |
| 583 | |a last modification |c 20010608 00:00:00 |k Rodrigo Vera | ||
| 999 | |c 295830 |d 295828 | ||
| 952 | |0 0 |1 0 |4 0 |6 344_010000000000000_THA_1999 |7 0 |8 A |9 349199 |a BIBDER |b BIBDER |d 2019-11-20 |i 3730220 |o 344.01 THA 1999 |p 3730220 |r 2023-01-25 |w 2019-11-20 |y BK |k DER | ||